Análisis de fallas en redes de distribución
Збережено в:
| Автор: | |
|---|---|
| Формат: | Книга |
| Опубліковано: |
[San José, Costa Rica]
2010
|
| Предмети: | |
| Теги: |
Додати тег
Немає тегів, Будьте першим, хто поставить тег для цього запису!
|
MARC
| LEADER | 00000nam a2200000Ia 4500 | ||
|---|---|---|---|
| 003 | 010450 | ||
| 005 | 20221231144029.0 | ||
| 008 | 140114s2010 cr a 000 ||s d | ||
| 040 | |c cru CEDI | ||
| 090 | |a TFG 6333 | ||
| 100 | |a Ortiz Serrano, Allan Mauricio |9 2647 | ||
| 245 | |a Análisis de fallas en redes de distribución | ||
| 260 | |c 2010 |b [San José, Costa Rica] | ||
| 500 | |a "IE - 0502 Proyecto Eléctrico" Proyecto de graduación (bachillerato en ingeniería eléctrica)--Universidad de Costa Rica. Facultad de Ingeniería. Escuela de Ingeniería Eléctrica | ||
| 650 | |x CORRIENTES ELECTRICAS |x DISTRIBUCION DE ENERGIA ELECTRICA |x ELECTRICIDAD |x SISTEMAS DE ENERGIA ELECTRICA |x TRANSMISION DE POTENCIA |9 2649 | ||
| 942 | |c TFG | ||
| 999 | |c 15872 |d 15872 | ||
